[Event "Quebec-ch U20"]
[Site "Montreal CAN"]
[Date "1988.03.03"]
[Round "1"]
[White "Primeau, Michel"]
[Black "Duong, Thanh Nha"]
[Result "1/2-1/2"]
[WhiteElo "1777"]
[BlackElo "2025"]
[PlyCount "122"]
[EventDate "1988.03.03"]
[EventType "tourn"]
[EventRounds "7"]
[EventCountry "CAN"]

1. c4 c5 2. Nc3 Nf6 3. Nf3 b6 4. g3 Bb7 5. Bg2 e6 6. O-O Be7 7. d4 cxd4 8. Qxd4
Nc6 9. Qf4 Rc8 10. Rd1 a6 11. e4 O-O 12. e5 Ne8 13. Qe3 Bc5 14. Qe2 Qc7 15. Na4
Na5 16. Nxc5 Qxc5 17. Rxd7 Bc6 18. Rd1 Nxc4 19. b3 Bxf3 20. Bxf3 Nxe5 21. Bb7
Rc7 22. Bxa6 Nf6 23. b4 Qc2 24. Bf4 Qxe2 25. Bxe2 Rc2 26. Bxe5 Rxe2 27. Bxf6
gxf6 28. a4 Rc8 29. Rac1 Ra8 30. Ra1 Rb2 31. b5 Rb4 32. Kg2 Kg7 33. Rd6 Rb8 34.
Rd7 Kg6 35. a5 bxa5 36. Rxa5 R8xb5 37. Raa7 h5 38. Rxf7 Rb2 39. Rg7+ Kf5 40.
Rh7 Ke4 41. Ra4+ Kd3 42. Rf4 f5 43. Rf3+ Kd4 44. Re3 e5 45. Rxh5 e4 46. h3 Rb1
47. g4 f4 48. Rxb5 Rxb5 49. Ra3 Rb2 50. Kg1 Rb1+ 51. Kg2 Rb2 52. Kg1 Rc2 53. h4
Rc3 54. Rxc3 Kxc3 55. h5 e3 56. fxe3 fxe3 57. Kg2 Kd2 58. h6 e2 59. h7 e1=Q 60.
h8=Q Qe4+ 61. Kg3 Qe1+ 1/2-1/2

[Event "Quebec-ch U20"]
[Site "Montreal CAN"]
[Date "1988.03.04"]
[Round "2"]
[White "Duong, Thanh Nha"]
[Black "Bergeron, Steeve"]
[Result "0-1"]
[WhiteElo "2025"]
[BlackElo "1734"]
[PlyCount "112"]
[EventDate "1988.03.03"]
[EventType "tourn"]
[EventRounds "7"]
[EventCountry "CAN"]

1. d4 Nf6 2. c4 g6 3. Nc3 Bg7 4. e4 d6 5. Nge2 O-O 6. Ng3 e5 7. d5 Nfd7 8. Bd3
Nc5 9. Bc2 a5 10. h4 h5 11. Bg5 Qe8 12. Qe2 Kh7 13. Nf1 f6 14. Be3 Nba6 15. a3
Bd7 16. Nh2 f5 17. exf5 Bxf5 18. Nf3 Bxc2 19. Ng5+ Kg8 20. Qxc2 Bh6 21. O-O
Bxg5 22. Bxg5 Qf7 23. Bh6 Qf5 24. Qd1 Rf7 25. b4 Nd3 26. f4 e4 27. Qe2 Re8 28.
Nb5 axb4 29. axb4 Naxb4 30. Ra7 Nc5 31. Ra3 Nbd3 32. Bg5 Qg4 33. Qe3 Kh7 34.
Nd4 Qd7 35. Ra2 Ref8 36. Rd2 Ne5 37. Qe2 Ng4 38. Ra2 e3 39. Qf3 Nd3 40. Ne6 Re8
41. Ra3 Nc5 42. Nd4 Ne4 43. Re1 Nd2 44. Qe2 Re4 45. Qd3 Nf2 46. Qc3 Ng4 47. Ra8
Re8 48. Rxe8 Qxe8 49. f5 Qe5 50. fxg6+ Kxg6 51. Qc2+ Ne4 52. Nf3 Rxf3 53. gxf3
Qg3+ 54. Kf1 Qxf3+ 55. Kg1 Ngf2 56. Kf1 Nh3+ 0-1

[Event "Quebec-ch U20"]
[Site "Montreal CAN"]
[Date "1988.03.04"]
[Round "3"]
[White "Cazelais, Marc"]
[Black "Duong, Thanh Nha"]
[Result "0-1"]
[WhiteElo "1907"]
[BlackElo "2025"]
[PlyCount "60"]
[EventDate "1988.03.03"]
[EventType "tourn"]
[EventRounds "7"]
[EventCountry "CAN"]

1. d4 Nf6 2. c4 e6 3. Nf3 b6 4. g3 Bb7 5. Bg2 Be7 6. Nc3 d5 7. Ne5 c6 8. O-O
Nbd7 9. f4 O-O 10. cxd5 cxd5 11. f5 Bd6 12. fxe6 fxe6 13. Bh3 Qe7 14. Nf3 e5
15. dxe5 Nxe5 16. Bg5 Bc5+ 17. e3 Nxf3+ 18. Rxf3 d4 19. exd4 Bxf3 20. Qxf3
Bxd4+ 21. Kh1 Bxc3 22. Qxc3 Rae8 23. Bg2 h6 24. Bf4 Rc8 25. Qf3 Rfe8 26. h3 Qe2
27. Qb3+ Kh8 28. Bf3 Qf2 29. Bg2 Rc2 30. Rg1 Re1 0-1

[Event "Quebec-ch U20"]
[Site "Montreal CAN"]
[Date "1988.03.05"]
[Round "4"]
[White "Saint-Pierre, Benoit"]
[Black "Duong, Thanh Nha"]
[Result "0-1"]
[WhiteElo "1968"]
[BlackElo "2025"]
[PlyCount "80"]
[EventDate "1988.03.03"]
[EventType "tourn"]
[EventRounds "7"]
[EventCountry "CAN"]

1. Nf3 d5 2. c4 c6 3. b3 Nf6 4. Bb2 e6 5. g3 Nbd7 6. Bg2 Bd6 7. cxd5 exd5 8.
O-O O-O 9. e3 Re8 10. Qc1 Nc5 11. Qc2 Bg4 12. Ba3 Qe7 13. Nd4 Ncd7 14. Bxd6
Qxd6 15. Nf3 Ne5 16. Nxe5 Qxe5 17. h3 Be2 18. d4 Qh5 19. Re1 Ba6 20. Nd2 Re6
21. Rac1 Rae8 22. Qd1 Qh6 23. a4 Bd3 24. b4 Ne4 25. Nxe4 Bxe4 26. b5 Bf5 27. h4
g5 28. g4 Be4 29. h5 Bxg2 30. Kxg2 Re4 31. bxc6 bxc6 32. Qf3 Qe6 33. Kg3 h6 34.
Qf5 Qd6+ 35. Kh3 R8e6 36. Rb1 Kg7 37. Qf3 Rf6 38. Qg3 Qe6 39. Rg1 Qc8 40. Rgf1
Rxg4 0-1

[Event "Quebec-ch U20"]
[Site "Montreal CAN"]
[Date "1988.03.06"]
[Round "6"]
[White "Gagnon, Serge"]
[Black "Duong, Thanh Nha"]
[Result "0-1"]
[WhiteElo "1792"]
[BlackElo "2025"]
[PlyCount "158"]
[EventDate "1988.03.03"]
[EventType "tourn"]
[EventRounds "7"]
[EventCountry "CAN"]

1. g3 d5 2. Bg2 Nf6 3. Nf3 Nbd7 4. O-O e5 5. d3 Bd6 6. c3 O-O 7. Qc2 Nb6 8. e4
c6 9. Nbd2 Bg4 10. c4 dxc4 11. dxc4 Qe7 12. b3 Nfd7 13. Bb2 f6 14. Rfd1 Rfd8
15. Nf1 Bc5 16. Ne3 Bxe3 17. fxe3 Nf8 18. a4 a5 19. Ba3 Qf7 20. Rxd8 Rxd8 21.
Rd1 Rxd1+ 22. Qxd1 Qd7 23. Qd6 Qxd6 24. Bxd6 Ne6 25. h3 Bh5 26. g4 Bg6 27. Nd2
Nd7 28. b4 axb4 29. Bxb4 Ndc5 30. a5 Nd3 31. Ba3 h5 32. Kf1 hxg4 33. hxg4 Kf7
34. Nb3 c5 35. Ke2 Nb4 36. Nxc5 Nxc5 37. Bxb4 Na6 38. Ba3 Nb8 39. Bb4 Nc6 40.
Bc3 Ke7 41. Kd3 Kd6 42. Kc2 Nd8 43. Bb4+ Kc6 44. Kc3 Ne6 45. Ba3 Ng5 46. Bf8
Bxe4 47. Bxe4+ Nxe4+ 48. Kd3 Nc5+ 49. Kc3 g6 50. Be7 f5 51. gxf5 gxf5 52. Bf8
Nd7 53. Ba3 Nb8 54. Bf8 Kd7 55. Kb4 Kc6 56. Kc3 Na6 57. Be7 Nc5 58. Bf8 Ne4+
59. Kd3 Nd6 60. Bg7 Nf7 61. Bf8 Nd8 62. Bb4 Kd7 63. Bc3 Ke6 64. Kc2 Nc6 65. Kb3
Kd6 66. Bd2 Kc5 67. Bc3 f4 68. exf4 exf4 69. Be1 Kd4 70. Bc3+ Kd3 71. Be1 f3
72. c5 Ke2 73. Bh4 Nxa5+ 74. Kb4 Nc6+ 75. Kb5 Nd4+ 76. Kb6 Nf5 77. Kxb7 Nxh4
78. c6 Nf5 79. c7 Ne7 0-1

[Event "Quebec-ch U20"]
[Site "Montreal CAN"]
[Date "1988.03.06"]
[Round "7"]
[White "Duong, Thanh Nha"]
[Black "Doucet, Maurice"]
[Result "1/2-1/2"]
[WhiteElo "2025"]
[BlackElo "1718"]
[PlyCount "52"]
[EventDate "1988.03.03"]
[EventType "tourn"]
[EventRounds "7"]
[EventCountry "CAN"]

1. d4 d5 2. c4 dxc4 3. Nf3 Nf6 4. Nc3 e6 5. Qa4+ Bd7 6. Qxc4 Be7 7. Bf4 Nc6 8.
e4 a6 9. a3 Rc8 10. b4 O-O 11. Be2 Na7 12. O-O Nb5 13. Nd2 Bc6 14. Nf3 Nxc3 15.
Qxc3 Nxe4 16. Qc2 Bd6 17. Be3 Nf6 18. Ne5 Be4 19. Qb2 Nd5 20. Bd2 f6 21. Nd3
Qe8 22. Nc5 Bxc5 23. dxc5 Kh8 24. Rfe1 Bg6 25. Bg4 Bf7 26. Re2 Rd8 1/2-1/2

[Event "Semi-rapide 1988.02.20"]
[Site "Montreal CAN"]
[Date "1988.02.20"]
[Round "5"]
[White "Charest, Johanne"]
[Black "Duong, Thanh Nha"]
[Result "0-1"]
[WhiteElo "1396"]
[BlackElo "1589"]
[PlyCount "36"]
[EventDate "1988.02.20"]
[EventType "swiss (rapid)"]
[EventRounds "6"]
[EventCountry "CAN"]

1. e4 e5 2. Nf3 Nf6 3. Bc4 Bd6 4. Nc3 Nc6 5. d3 a6 6. Bg5 h6 7. Bh4 g5 8. Bg3
b5 9. Bb3 Bb7 10. a3 Nh5 11. h4 g4 12. Nd2 Rg8 13. f3 Nxg3 14. Rg1 Qxh4 15.
fxg4 Nxe4+ 16. g3 Qh2 17. Rf1 Qxg3+ 18. Ke2 Nd4# 0-1

[Event "Lacroix #42"]
[Site "Montreal CAN"]
[Date "1988.01.10"]
[Round "4"]
[White "Clement, Michel"]
[Black "Duong, Thanh Nha"]
[Result "1-0"]
[WhiteElo "1857"]
[BlackElo "1623"]
[PlyCount "85"]
[EventDate "1988.01.09"]
[EventType "swiss"]
[EventRounds "4"]
[EventCountry "CAN"]

1. d4 d5 2. c4 e6 3. Nc3 c6 4. e4 Bb4 5. e5 Nd7 6. c5 b6 7. Qg4 Ne7 8. a3 Bxc3+
9. bxc3 bxc5 10. Qxg7 Rg8 11. Qxh7 Qa5 12. Bd2 Nf8 13. Qc2 c4 14. Qb2 Nd7 15.
Qb4 Qc7 16. Qb2 Rb8 17. Qc2 c5 18. Ne2 Qb6 19. g3 Nc6 20. Be3 cxd4 21. cxd4 Na5
22. Bg2 Nb3 23. Ra2 Qa5+ 24. Nc3 f6 25. exf6 Nxf6 26. O-O Rb7 27. Ne2 Rh7 28.
Nc1 Ba6 29. Rd1 Qb6 30. Bf1 Qb7 31. Rb2 Ng4 32. Nxb3 Nxh2 33. Bg2 Qf7 34. Nc5
Bc8 35. Rb8 Ke7 36. Rdb1 Qh5 37. R8b7+ Bxb7 38. Rxb7+ Kf6 39. Qxh7 Qxh7 40.
Rxh7 Ng4 41. Bf4 c3 42. Rb7 Rd8 43. Bg5+ 1-0

[Event "Pere Noel"]
[Site "Montreal CAN"]
[Date "1987.12.26"]
[Round "1"]
[White "Charest, Johanne"]
[Black "Duong, Thanh Nha"]
[Result "1/2-1/2"]
[WhiteElo "1381"]
[BlackElo "1587"]
[PlyCount "145"]
[EventDate "1987.12.26"]
[EventType "swiss"]
[EventRounds "5"]
[EventCountry "CAN"]

1. e4 e5 2. Nf3 d6 3. Bc4 Nc6 4. d3 Be7 5. Nc3 Na5 6. Bb5+ c6 7. Ba4 b5 8. Bb3
Nf6 9. Be3 Bd7 10. Qe2 O-O 11. h3 Re8 12. O-O Qc8 13. Ng5 Nxb3 14. axb3 h6 15.
Nf3 b4 16. Nd1 a5 17. c3 Qb7 18. Qc2 bxc3 19. bxc3 Rab8 20. Nd2 Be6 21. Rb1 Qc8
22. Re1 g5 23. Nf1 g4 24. hxg4 Bxg4 25. Bxh6 Kh7 26. Qd2 Qe6 27. Qg5 Rg8 28.
Qh4 Nh5 29. Qh2 Qxh6 30. Nfe3 Rg5 31. Nxg4 Rxg4 32. Ne3 Rh4 33. Nf5 Rxh2 34.
Nxh6 Rh4 35. Nf5 Rg4 36. Nxe7 Nf4 37. g3 Nxd3 38. Red1 Nc5 39. Rxd6 Nxe4 40.
Rxc6 Re8 41. Nf5 Rg5 42. Ne3 Nd2 43. Rb2 Rd8 44. Rc5 Ne4 45. Rc7 Kg6 46. c4 Rd3
47. Ra7 Nxg3 48. Rxa5 Ne4+ 49. Kf1 Rc3 50. Ra1 f5 51. Ra6+ Kh5 52. f3 Rc1+ 53.
Ke2 Rh1 54. Rba2 Nc3+ 55. Kd3 Nxa2 56. Rxa2 f4 57. Ng4 Kh4 58. c5 Kg3 59. Nf2
Rhh5 60. Ne4+ Kxf3 61. Rf2+ Kg4 62. Nxg5 Kxg5 63. Ke4 Kf6 64. c6 Ke6 65. c7 Kd7
66. Rc2 Kc8 67. b4 Rh7 68. Kxe5 Rxc7 69. Rb2 f3 70. Ke4 Rc3 71. Kd4 Rc7 72. Rf2
Rf7 73. Kc5 1/2-1/2

[Event "Lacroix #37"]
[Site "Montreal CAN"]
[Date "1987.10.18"]
[Round "3"]
[White "Duong, Thanh Nha"]
[Black "Clement, Michel"]
[Result "0-1"]
[WhiteElo "1499"]
[BlackElo "1857"]
[PlyCount "78"]
[EventDate "1987.10.17"]
[EventType "swiss"]
[EventRounds "4"]
[EventCountry "CAN"]

1. e4 c5 2. c4 Nc6 3. Nc3 g6 4. d3 Bg7 5. g4 d6 6. Be3 e6 7. Qd2 Bd7 8. h4 Nf6
9. Be2 h5 10. g5 Ng8 11. Nb5 Qb8 12. d4 a6 13. d5 axb5 14. dxc6 bxc6 15. cxb5
cxb5 16. Rd1 Qc7 17. a3 Ra6 18. f4 Ne7 19. Nf3 O-O 20. O-O d5 21. Rc1 c4 22.
exd5 exd5 23. Rfd1 Bc6 24. Nd4 Re8 25. Bf3 Qc8 26. Kg2 Nf5 27. Nxf5 Qxf5 28.
Bf2 d4 29. Bxc6 Qg4+ 30. Kf1 Rxc6 31. Re1 Qh3+ 32. Kg1 Rce6 33. Rxe6 Rxe6 34.
Re1 Qg4+ 35. Kf1 d3 36. Rxe6 Qxe6 37. b4 cxb3 38. Qxd3 Qc4 39. Ke2 b2 0-1

[Event "Lacroix #32"]
[Site "Montreal CAN"]
[Date "1987.08.09"]
[Round "3"]
[White "Duong, Thanh Nha"]
[Black "Charest, Johanne"]
[Result "1-0"]
[WhiteElo "1956"]
[BlackElo "1371"]
[PlyCount "35"]
[EventDate "1987.08.08"]
[EventType "swiss"]
[EventRounds "4"]
[EventCountry "CAN"]

1. d4 d5 2. c4 c6 3. Nc3 Nf6 4. Nf3 e6 5. Bg5 Nbd7 6. e3 Be7 7. Bd3 dxc4 8.
Bxc4 O-O 9. O-O Nb6 10. Bb3 h6 11. Bxf6 Bxf6 12. e4 Re8 13. e5 Be7 14. Ne4 Bf8
15. Rc1 Bd7 16. Qd3 Re7 17. Nf6+ Kh8 18. Qh7# 1-0

[Event "Quebec op"]
[Site "Montreal CAN"]
[Date "1987.07.28"]
[Round "4"]
[White "Gagnon, Michel"]
[Black "Duong, Thanh Nha"]
[Result "1-0"]
[WhiteElo "1946"]
[BlackElo "2078"]
[PlyCount "123"]
[EventDate "1987.07.26"]
[EventType "swiss"]
[EventRounds "8"]
[EventCountry "CAN"]

1. e4 e5 2. Nf3 Nc6 3. Bb5 a6 4. Ba4 Nf6 5. d4 exd4 6. O-O Be7 7. Re1 d6 8.
Bxc6+ bxc6 9. Nxd4 Bd7 10. Nc3 O-O 11. h3 Re8 12. Qf3 Rb8 13. Nf5 Bxf5 14. Qxf5
Bf8 15. Qf3 Nd7 16. b3 Re6 17. Be3 Rg6 18. Bf4 Qe7 19. Bg3 Re6 20. Re3 g6 21.
Rae1 Bg7 22. Na4 h5 23. R3e2 Re8 24. Qd3 d5 25. Qxa6 dxe4 26. Bxc7 Qg5 27. Qa5
Ne5 28. Bxe5 Bxe5 29. Qc5 f5 30. Qe3 Bf4 31. h4 Qh6 32. Qh3 e3 33. fxe3 Bxe3+
34. Kh1 f4 35. Nc5 Re5 36. Nd3 R5e7 37. Rf1 Qf8 38. Ne1 Qf6 39. Nf3 Rd8 40. Ng5
Qd6 41. Qf3 Re5 42. Ree1 Rde8 43. Rd1 Qc5 44. c4 Rc8 45. Rd7 Qa5 46. Qd1 Rxg5
47. hxg5 Qxg5 48. Qf3 Qh4+ 49. Qh3 Qxh3+ 50. gxh3 g5 51. Rfd1 g4 52. hxg4 hxg4
53. Kg2 Rf8 54. Rd8 Rxd8 55. Rxd8+ Kf7 56. Rd6 c5 57. Rd5 Kf6 58. a4 Bd4 59. a5
Be5 60. Rxe5 Kxe5 61. a6 Ke4 62. a7 1-0

[Event "Quebec op"]
[Site "Montreal CAN"]
[Date "1987.07.30"]
[Round "5"]
[White "Duong, Thanh Nha"]
[Black "Marquis, Paul"]
[Result "0-1"]
[WhiteElo "2078"]
[BlackElo "1840"]
[PlyCount "90"]
[EventDate "1987.07.26"]
[EventType "swiss"]
[EventRounds "8"]
[EventCountry "CAN"]

1. d4 Nf6 2. c4 e6 3. Nf3 Bb4+ 4. Bd2 Qe7 5. Nc3 b6 6. e3 Bb7 7. Bd3 O-O 8. O-O
d6 9. Qe2 Nbd7 10. e4 e5 11. d5 Bxc3 12. Bxc3 Nh5 13. g3 g6 14. Bd2 Nc5 15. Bc2
a5 16. Rae1 Bc8 17. Kh1 Bh3 18. Rg1 Bg4 19. Qe3 Qf6 20. Nh4 Qg7 21. Qg5 Bd7 22.
Bd1 Nf6 23. Bf3 Nd3 24. Re2 Nxb2 25. Rc1 Nd3 26. Rc3 Nc5 27. Ng2 h5 28. Bc1 Nh7
29. Qd2 f5 30. Ba3 Nxe4 31. Bxe4 fxe4 32. Rxe4 Bf5 33. Re1 Nf6 34. f3 Rfe8 35.
Bb2 Re7 36. Nh4 Bd7 37. Qc2 Kf7 38. f4 Rae8 39. f5 gxf5 40. Nxf5 Bxf5 41. Qxf5
Qg6 42. Qf1 Kg8 43. Rf3 Rf7 44. Qe2 Ref8 45. h3 Ne4 0-1

[Event "Quebec op"]
[Site "Montreal CAN"]
[Date "1987.08.01"]
[Round "7"]
[White "Duong, Thanh Nha"]
[Black "Ahad, Noorul"]
[Result "1-0"]
[WhiteElo "2078"]
[BlackElo "1944"]
[PlyCount "59"]
[EventDate "1987.07.26"]
[EventType "swiss"]
[EventRounds "8"]
[EventCountry "CAN"]

1. d4 Nf6 2. c4 g6 3. Nc3 Bg7 4. e4 d6 5. f3 O-O 6. Be3 e5 7. d5 c6 8. Bd3 cxd5
9. cxd5 Nbd7 10. Nge2 Nc5 11. Bc2 a6 12. b4 Ncd7 13. O-O Nh5 14. Qd2 f5 15.
exf5 gxf5 16. g4 Nf4 17. Bxf5 Rxf5 18. gxf5 Qg5+ 19. Ng3 Nf6 20. Kh1 h5 21. Rg1
Bxf5 22. Nxf5 Qxf5 23. Bxf4 exf4 24. Qg2 Qd7 25. Rae1 Rf8 26. Qg5 Rf7 27. Ne4
Nxe4 28. Rxe4 Kf8 29. Re6 Re7 30. Rxe7 1-0

[Event "Quebec op"]
[Site "Montreal CAN"]
[Date "1987.08.02"]
[Round "8"]
[White "Duong, Thanh Nha"]
[Black "Girard, Robin"]
[Result "1/2-1/2"]
[WhiteElo "2078"]
[BlackElo "2107"]
[PlyCount "127"]
[EventDate "1987.07.26"]
[EventType "swiss"]
[EventRounds "8"]
[EventCountry "CAN"]

1. e4 c5 2. Nf3 d6 3. d4 cxd4 4. Nxd4 Nf6 5. Nc3 g6 6. Be3 Bg7 7. f3 O-O 8. Qd2
Nc6 9. Bc4 Bd7 10. O-O-O Ne5 11. Bb3 Rc8 12. h4 h5 13. Bg5 Rc5 14. g4 hxg4 15.
f4 Nc4 16. Qe2 b5 17. f5 gxf5 18. Bxf6 exf6 19. exf5 Bh6+ 20. Kb1 Ne3 21. Rd3
Nxf5 22. Qxg4+ Kh7 23. Nd5 Rg8 24. Qe4 Re8 25. Qf3 Nxd4 26. Rxd4 f5 27. Qh5 Be6
28. Rg1 Bxd5 29. Qxf5+ Kh8 30. Bxd5 Qe7 31. Re4 Rxd5 32. Rxe7 Rxf5 33. Rxe8+
Kh7 34. c3 a5 35. Ra8 a4 36. c4 Bg7 37. cxb5 Rxb5 38. Rxa4 Bxb2 39. Kc2 Be5 40.
Ra7 Kh6 41. Rg8 Rb4 42. a4 Rxh4 43. a5 Ra4 44. a6 Bd4 45. Raa8 Kh7 46. Rgb8 Bc5
47. Rb7 Kg7 48. Kb3 Ra3+ 49. Kc4 Kf6 50. Kd5 Rd3+ 51. Kc6 Ra3 52. Rb5 Ke7 53.
Kb7 f5 54. Rh8 Kf6 55. Rh2 Ke5 56. Rbb2 f4 57. Ra2 Rxa2 58. Rxa2 f3 59. a7 Bxa7
60. Kxa7 Ke4 61. Kb6 Ke3 62. Kc6 f2 63. Rxf2 Kxf2 64. Kxd6 1/2-1/2

[Event "Quebec-ch U20"]
[Site "Montreal CAN"]
[Date "1987.05.15"]
[Round "1"]
[White "Duong, Thanh Nha"]
[Black "Cazelais, Marc"]
[Result "1/2-1/2"]
[WhiteElo "1956"]
[BlackElo "1721"]
[PlyCount "188"]
[EventDate "1987.05.15"]
[EventType "tourn"]
[EventRounds "7"]
[EventCountry "CAN"]

1. e4 c5 2. Nf3 d6 3. d4 cxd4 4. Nxd4 Nf6 5. Nc3 g6 6. Bc4 Bg7 7. f3 O-O 8. Be3
Nc6 9. Qd2 Bd7 10. O-O-O Rc8 11. Bb3 Ne5 12. g4 b5 13. h4 Nc4 14. Bxc4 bxc4 15.
Bh6 Rb8 16. Bxg7 Kxg7 17. Nd5 e5 18. Ne2 Nxd5 19. exd5 Qb6 20. b3 cxb3 21. cxb3
Qb4 22. Kb2 h6 23. Qxb4 Rxb4 24. Rc1 Rc8 25. a3 Rb5 26. Rxc8 Bxc8 27. Nc3 Rc5
28. g5 h5 29. Rd1 Bb7 30. b4 Rc4 31. Ne4 Rd4 32. Rxd4 exd4 33. Nf6 Kf8 34. a4
Bc8 35. Kb3 Bf5 36. Kc4 d3 37. Kc3 Ke7 38. b5 Kd8 39. a5 Kc7 40. Ne4 Bd7 41.
Kb4 Bf5 42. Nd2 Bh3 43. Nc4 Bg2 44. Nd2 Bh3 45. Kc4 Bf5 46. Nb1 Bh3 47. Nc3 Bf1
48. Kb3 Be2 49. f4 d2 50. Kc2 d1=Q+ 51. Nxd1 Bxb5 52. Kc3 Kb7 53. Ne3 Ka6 54.
Kb4 Bd3 55. Nd1 Be2 56. Nc3 Bd3 57. Na2 Bb1 58. Nc1 Be4 59. Kc4 Kxa5 60. Nb3+
Kb6 61. Nd4 Bg2 62. Nc6 Bf1+ 63. Kb4 Bg2 64. Ne7 a5+ 65. Kc4 Bf1+ 66. Kd4 a4
67. f5 gxf5 68. Nxf5 a3 69. Kc3 a2 70. Kb2 Bg2 71. Kxa2 Bxd5+ 72. Kb2 Kc5 73.
Kc3 Be4 74. Ng3 Bg6 75. Kd2 Kd4 76. Ke2 d5 77. Kd2 Ke5 78. Ke3 d4+ 79. Kf3 Kd5
80. Ke2 d3+ 81. Ke3 Kc4 82. Nf1 Kc3 83. Nd2 Kc2 84. Nc4 Kd1 85. Nd2 Ke1 86. Nc4
Bf5 87. Nd2 Bg4 88. Nc4 Kf1 89. Ne5 Be6 90. g6 fxg6 91. Kxd3 Bf5+ 92. Ke3 Kg2
93. Kf4 Kh3 94. Kg5 Kg3 1/2-1/2

[Event "Quebec-ch U20"]
[Site "Montreal CAN"]
[Date "1987.05.16"]
[Round "2"]
[White "Saint-Pierre, Benoit"]
[Black "Duong, Thanh Nha"]
[Result "1-0"]
[WhiteElo "1922"]
[BlackElo "1956"]
[PlyCount "113"]
[EventDate "1987.05.15"]
[EventType "tourn"]
[EventRounds "7"]
[EventCountry "CAN"]

1. Nf3 d5 2. d4 Nf6 3. c4 c6 4. e3 g6 5. Nc3 Bg7 6. Qb3 O-O 7. Bd2 e6 8. Bd3
Nbd7 9. O-O Qe7 10. e4 dxc4 11. Bxc4 e5 12. d5 b5 13. Be2 b4 14. Na4 c5 15. Qc2
Bb7 16. Bg5 Rac8 17. b3 Qd6 18. Nb2 Nb6 19. Nd2 Ne8 20. Bg4 Rb8 21. Be3 Nf6 22.
Bxc5 Qc7 23. Bd1 Rfc8 24. Rc1 a5 25. Bxb6 Qxb6 26. Ndc4 Qd4 27. Bf3 Bh6 28.
Rfd1 Qa7 29. Ra1 Ba6 30. Be2 Ne8 31. Bg4 Nd6 32. Bxc8 Rxc8 33. a4 bxa3 34. Rxa3
Nb5 35. Rxa5 Nd4 36. Rxd4 exd4 37. b4 Qb7 38. b5 Bxb5 39. Qb3 Ba6 40. Qxb7 Bxb7
41. Kf1 Rb8 42. Ke2 Bc8 43. Kd3 Bc1 44. Kc2 Bxb2 45. Nxb2 Bd7 46. Nd3 Kf8 47.
Ne5 Bb5 48. Nc6 d3+ 49. Kc3 Rb7 50. Ra8+ Kg7 51. Nd4 Rc7+ 52. Kd2 Bc4 53. Ra4
Kf6 54. d6 Rc5 55. f4 Bb5 56. e5+ Kg7 57. Ra5 1-0

[Event "Quebec-ch U20"]
[Site "Montreal CAN"]
[Date "1987.05.16"]
[Round "3"]
[White "Duong, Thanh Nha"]
[Black "Girard, Robin"]
[Result "1-0"]
[WhiteElo "1956"]
[BlackElo "2169"]
[PlyCount "75"]
[EventDate "1987.05.15"]
[EventType "tourn"]
[EventRounds "7"]
[EventCountry "CAN"]

1. d4 Nf6 2. c4 c5 3. d5 b5 4. a4 b4 5. Nd2 e5 6. e4 d6 7. Bd3 g6 8. Ne2 Bh6 9.
Nf3 Bxc1 10. Qxc1 Nh5 11. Qh6 Qf6 12. h3 Bd7 13. Qg5 Qg7 14. g4 h6 15. Qe3 Nf6
16. Ng3 h5 17. g5 Nh7 18. b3 f6 19. h4 Na6 20. O-O-O O-O-O 21. Rdf1 Rdf8 22.
gxf6 Qxf6 23. Ng5 Nxg5 24. hxg5 Qe7 25. Rh4 Bg4 26. f3 Rxf3 27. Rxf3 Bxf3 28.
Nf5 gxf5 29. exf5 Bg4 30. f6 Qf7 31. Qf2 Rf8 32. g6 Qg8 33. g7 Rf7 34. Bf5+
Bxf5 35. Qxf5+ Kb7 36. Rxh5 Nb8 37. Rh8 Rxg7 38. fxg7 1-0

[Event "Quebec-ch U20"]
[Site "Montreal CAN"]
[Date "1987.05.17"]
[Round "4"]
[White "Tremblay, Rejean"]
[Black "Duong, Thanh Nha"]
[Result "0-1"]
[WhiteElo "1828"]
[BlackElo "1956"]
[PlyCount "88"]
[EventDate "1987.05.15"]
[EventType "tourn"]
[EventRounds "7"]
[EventCountry "CAN"]

1. e4 e5 2. Nf3 Nc6 3. Bc4 Nf6 4. d3 Be7 5. Nc3 d6 6. O-O Bg4 7. h3 Bh5 8. Nd5
Nxd5 9. exd5 Nd4 10. g4 Nxf3+ 11. Qxf3 Bg6 12. Bb5+ Kf8 13. Qg2 Bg5 14. f4 exf4
15. Bxf4 Bxf4 16. Rxf4 Qg5 17. Raf1 c6 18. Bc4 b5 19. Bb3 c5 20. Qf2 Qe7 21.
Re1 Qd7 22. h4 h5 23. g5 Kg8 24. c4 Kh7 25. d4 cxd4 26. Qxd4 Rhe8 27. Ref1 Re2
28. Bd1 Re7 29. cxb5 Qxb5 30. a4 Qd7 31. a5 Qb5 32. b4 Rae8 33. Bf3 Qa4 34. Rf2
Qb3 35. Kg2 Re3 36. Rb2 Qa3 37. Rf2 Qc1 38. Qxa7 Re1 39. Qd4 R8e3 40. Kg3 Rg1+
41. Rg2 Qe1+ 42. Kh3 Rh1+ 43. Rh2 Qf1+ 44. Kg3 Rg1+ 0-1

[Event "Quebec-ch U20"]
[Site "Montreal CAN"]
[Date "1987.05.17"]
[Round "5"]
[White "Duong, Thanh Nha"]
[Black "Duplessis, Marc"]
[Result "1/2-1/2"]
[WhiteElo "1956"]
[BlackElo "1792"]
[PlyCount "105"]
[EventDate "1987.05.15"]
[EventType "tourn"]
[EventRounds "7"]
[EventCountry "CAN"]

1. e4 c5 2. Nf3 d6 3. d4 cxd4 4. Nxd4 Nf6 5. Nc3 a6 6. Bg5 e6 7. Qd2 Be7 8.
O-O-O Nbd7 9. f4 h6 10. Bh4 b5 11. Nc6 Qc7 12. Nxe7 Kxe7 13. Qd4 Bb7 14. Bxb5
axb5 15. Nxb5 Qc6 16. Qxd6+ Kd8 17. Qb4 Kc8 18. Nd6+ Kb8 19. Rd4 Rxa2 20. Kb1
Ra7 21. Nb5 Ra8 22. Rhd1 Rc8 23. c3 Nb6 24. Bxf6 gxf6 25. Qd6+ Qxd6 26. Nxd6
Rc7 27. Ne8 Rc4 28. Nxf6 Rxd4 29. Rxd4 Kc7 30. g4 e5 31. fxe5 Ra5 32. Ne8+ Kb8
33. Nd6 Rxe5 34. Kc1 Rg5 35. h3 f6 36. Ne8 Rg6 37. Kd2 h5 38. gxh5 Rh6 39. c4
Bc6 40. Ng7 Rh7 41. Nf5 Rxh5 42. h4 Bxe4 43. Rxe4 Rxf5 44. Ke3 Kc7 45. b4 Nd7
46. Rf4 Rh5 47. Kd4 Kd6 48. Ke4 Ke6 49. Kf3 Ne5+ 50. Kg3 Nd3 51. Re4+ Kf5 52.
Rd4 Nxb4 53. c5 1/2-1/2

[Event "Quebec-ch U20"]
[Site "Montreal CAN"]
[Date "1987.05.18"]
[Round "6"]
[White "Hurtubise, Martin"]
[Black "Duong, Thanh Nha"]
[Result "0-1"]
[WhiteElo "1725"]
[BlackElo "1956"]
[PlyCount "70"]
[EventDate "1987.05.15"]
[EventType "tourn"]
[EventRounds "7"]
[EventCountry "CAN"]

1. d4 Nf6 2. c4 e6 3. Nf3 Bb4+ 4. Bd2 a5 5. g3 d5 6. Bg2 O-O 7. O-O Bxd2 8.
Qxd2 Nbd7 9. cxd5 exd5 10. Nc3 c6 11. Rfe1 Re8 12. Ng5 h6 13. Nh3 Nb6 14. Qc2
Ne4 15. f3 Nxc3 16. Qxc3 Nc4 17. e4 Qb6 18. b3 Nd6 19. Qd3 dxe4 20. fxe4 Nb5
21. Rad1 Bg4 22. Rd2 Rad8 23. Qe3 Nxd4 24. Kh1 c5 25. Nf2 Bd7 26. Qc3 Qa7 27.
Nd3 b6 28. Nb2 Bb5 29. a4 Bc6 30. e5 Bxg2+ 31. Kxg2 Qb7+ 32. Kf2 f6 33. Nc4
fxe5 34. Nxe5 Rxe5 35. Rxe5 Rf8+ 0-1

[Event "Quebec-ch U20"]
[Site "Montreal CAN"]
[Date "1987.05.18"]
[Round "7"]
[White "Duong, Thanh Nha"]
[Black "Gagnon, Serge"]
[Result "1-0"]
[WhiteElo "1956"]
[BlackElo "1965"]
[PlyCount "49"]
[EventDate "1987.05.15"]
[EventType "tourn"]
[EventRounds "7"]
[EventCountry "CAN"]

1. e4 d6 2. d4 Nf6 3. Nc3 g6 4. Nf3 Bg7 5. Be2 O-O 6. Bg5 c6 7. O-O Qc7 8. Qd2
e5 9. Rad1 Nbd7 10. Bh6 b5 11. Bxg7 Kxg7 12. Bd3 a6 13. Ne2 exd4 14. c3 dxc3
15. Nxc3 Ne5 16. Be2 b4 17. Nb1 Nxe4 18. Qxb4 f5 19. Nc3 Nxc3 20. Qxc3 Rf6 21.
Rd2 Bb7 22. Rfd1 Nf7 23. Bc4 Qd8 24. Bxf7 Kxf7 25. Qb3+ 1-0

[Event "Laval VII"]
[Site "Laval CAN"]
[Date "1987.04.11"]
[Round "2"]
[White "Clement, Michel"]
[Black "Duong, Thanh Nha"]
[Result "0-1"]
[WhiteElo "1868"]
[BlackElo "1956"]
[PlyCount "62"]
[EventDate "1987.04.10"]
[EventType "swiss"]
[EventRounds "5"]
[EventCountry "CAN"]

1. e4 c5 2. Nf3 d6 3. d4 cxd4 4. Nxd4 Nf6 5. Nc3 a6 6. Bg5 e6 7. f4 Nbd7 8. Qf3
Be7 9. O-O-O Qc7 10. g4 b5 11. Bxf6 gxf6 12. a3 Bb7 13. Bd3 Qb6 14. Qe3 b4 15.
axb4 Qxb4 16. f5 e5 17. Nb3 Nc5 18. Nxc5 dxc5 19. Qe2 Rb8 20. Bc4 Qa5 21. Bb3
Qa1+ 22. Nb1 Bc6 23. Qc4 O-O 24. Rhe1 Bb5 25. Qc3 c4 26. Bxc4 Bxc4 27. Qxc4
Qxb2+ 28. Kd2 Bb4+ 29. Ke3 Bxe1 30. Rxe1 Rfc8 31. Qxa6 Rxc2 0-1